| 000 | 00581nam a2200181 a 4500 | ||
|---|---|---|---|
| 005 | 20140412111236.0 | ||
| 008 | 001113s19uu xx 00 eng d | ||
| 020 | _a5-05-000550-7 | ||
| 050 |
_aM 796.54 _bGo626 1985 |
||
| 100 | _aGolishkin, Vasily | ||
| 245 |
_aThe seaside "Childrens republic" / _cVasily Golushkin; translated by Tracy Kuehn. |
||
| 260 |
_aMoscow : _bRaduga Publishers, _c1985. |
||
| 300 | _a85 p. ; col. ; ill. | ||
| 650 | _aCamping -- Stories | ||
| 650 | _aArti (Russia) -- Camp Sites | ||
| 650 | _aTravel trailers and campers -- Stories | ||
| 999 |
_c102433 _d102433 |
||